Statistiques concernant Les doigts en 15 secondes

Cliquez ici pour prendre le quiz!

Statistiques générales

  • Ce quiz a été pris 124 fois
  • Le résultat moyen est 4 sur 5

Statistiques - réponses

Doigts% Correct
majeur
94%
pouce
94%
index
88%
annulaire
83%
auriculaire
78%

Distribution des résultats

Percentile par nombre de réponses

% des personnes avec chaque résultat

Votre développement - résultats

Vous n’avez pas pris ce quiz